Govt. of
Madhya Pradesh

Objective Approach To Physics Volume 1 (Record no. 44729)

MARC details
000 -LEADER
fixed length control field 004860000a22001810004500
003 - CONTROL NUMBER IDENTIFIER
control field MACL
005 - DATE AND TIME OF LATEST TRANSACTION
control field 20160122160524.0
008 - FIXED-LENGTH DATA ELEMENTS--GENERAL INFORMATION
fixed length control field 160122b xxu||||| |||| 00| 0 eng d
040 ## - CATALOGING SOURCE
Original cataloging agency MACL
Transcribing agency MACL
041 ## - LANGUAGE CODE
Language code of text/sound track or separate title English
082 ## - DEWEY DECIMAL CLASSIFICATION NUMBER
Classification number 530.1/PAN
100 ## - MAIN ENTRY--PERSONAL NAME
Personal name Pandey, DC
9 (RLIN) 34148
245 ## - TITLE STATEMENT
Title Objective Approach To Physics Volume 1
Remainder of title Mechanics Waves Thermodynamics
260 ## - PUBLICATION, DISTRIBUTION, ETC. (IMPRINT)
Name of publisher, distributor, etc. Arihant Prakashan, Meerut
Place of publication, distribution, etc. Meerut
350 ## - PRICE (NR) (BK AM CF MU VM SE) [OBSOLETE]
Price 425
650 ## - SUBJECT ADDED ENTRY--TOPICAL TERM
Topical term or geographic name as entry element Physics
9 (RLIN) 34150
942 ## - ADDED ENTRY ELEMENTS (KOHA)
Koha item type Books
Call number prefix 530/PAN
Source of classification or shelving scheme
Holdings
Withdrawn status Lost status Source of classification or shelving scheme Damaged status Not for loan Home library Current library Date acquired Cost, normal purchase price Total Checkouts Total Renewals Full call number Barcode Date last seen Date last checked out Uniform Resource Identifier Price effective from Koha item type
          MACL MACL 15/04/2015 425.00 5 3 530/PAN CLC004895 24/01/2018 04/01/2018 44994 15/04/2015 Books